| 000 | 00650 a2200205 4500 | ||
|---|---|---|---|
| 003 | Nust | ||
| 005 | 20230306135613.0 | ||
| 010 | _a 74028428 | ||
| 020 | _a0306706946 | ||
| 040 | _cNust | ||
| 082 | 0 | 0 | _a335.4 |
| 100 | 0 |
_aHutheesing, _9109889 |
|
| 245 | 1 | 4 |
_aThe great peace : _ban Asian's candid report on Red China / _cby Raja Hutheesing. |
| 260 |
_aNew York : _bDa Capo Press, _c1975, c1953. |
||
| 300 |
_a246 p. ; _c22 cm. |
||
| 490 | 0 | _aChina in the 20th century | |
| 505 | _aJourney To The Walled City (Page-3), Produce Or Perish (Page-79), The Great Peace (Page-173). | ||
| 651 | 0 |
_aChina _xHistory _y1949-1976. _9109890 |
|
| 942 |
_2ddc _cBK |
||
| 999 |
_c184512 _d184512 |
||